ARRUPE JESUIT UNIVERSITY

CORONAVIRUS -STOP THE SPREAD - CLEAN,DISINFECT,COVER

The turning world (Record no. 122443)

MARC details
000 -LEADER
fixed length control field 00777cam a2200277 a 4500
001 - CONTROL NUMBER
control field 5616677
003 - CONTROL NUMBER IDENTIFIER
control field ARRUPE
005 - DATE AND TIME OF LATEST TRANSACTION
control field 20150313144750.0
006 - FIXED-LENGTH DATA ELEMENTS--ADDITIONAL MATERIAL CHARACTERISTICS--GENERAL INFORMATION
fixed length control field m u
007 - PHYSICAL DESCRIPTION FIXED FIELD--GENERAL INFORMATION
fixed length control field cr cn|||||||||
008 - FIXED-LENGTH DATA ELEMENTS--GENERAL INFORMATION
fixed length control field 021025s2002 ne sb 001 0 eng
010 ## - LIBRARY OF CONGRESS CONTROL NUMBER
Canceled/invalid LC control number 2002115101
020 ## - INTERNATIONAL STANDARD BOOK NUMBER
Cancelled/invalid ISBN 1586033093 (IOS Press)
020 ## - INTERNATIONAL STANDARD BOOK NUMBER
Cancelled/invalid ISBN 4274905608 (Ohmsha)
035 ## - SYSTEM CONTROL NUMBER
System control number (CaPaEBR)ebr10116461
035 ## - SYSTEM CONTROL NUMBER
System control number (NNC)5616677
040 ## - CATALOGING SOURCE
Original cataloging agency CaPaEBR
Transcribing agency CaPaEBR
050 14 - LIBRARY OF CONGRESS CALL NUMBER
Classification number PR1175.3.B858
082 04 - DEWEY DECIMAL CLASSIFICATION NUMBER
Classification number 327
Edition number 22
300 ## - PHYSICAL DESCRIPTION
Dimensions 22 cm.
245 04 - TITLE STATEMENT
Title The turning world
Remainder of title verse for pupils aged 13-16 /
Statement of responsibility, etc edited by D.J. Brindley
260 ## - PUBLICATION, DISTRIBUTION, ETC. (IMPRINT)
Place of publication, distribution, etc Cape Town
Name of publisher, distributor, etc Juta and Company Ltd.,
Date of publication, distribution, etc 1968.
300 ## - PHYSICAL DESCRIPTION
Extent xvi, 196p. ;
650 #0 - SUBJECT ADDED ENTRY--TOPICAL TERM
Topical term or geographic name as entry element English poetry for youth
9 (RLIN) 16343
942 ## - ADDED ENTRY ELEMENTS (KOHA)
Source of classification or shelving scheme Library of Congress Classification
Koha item type Monograph ( Printed materials)
Holdings
Withdrawn status Lost status Source of classification or shelving scheme Damaged status Not for loan Collection code Home library Current library Shelving location Date acquired Total Checkouts Full call number Barcode Date last seen Price effective from Koha item type
    Library of Congress Classification     Main Collection ARRUPE LIBRARY ARRUPE LIBRARY Main Collection 13/03/2015   PR1175.3.B858 46500002746 13/03/2015 13/03/2015 Monograph ( Printed materials)

 

Arrupe Library. PO Box MP320 Mt Pleasant, Harare, Zimbabwe
263 242 745411|librarian@aju.ac.zw